00347pab a2200133 454500008004000000100002200040245005400062260000900116300001300125362001100138650001500149700001500164773003400179180718b2002 xxu||||| |||| 00| 0 eng d aKolavalli, Shashi aMainstreaming participatory watershed development c2002 ap.225-42 a19 Jan aWatersheds aKerr, John aEconomic and Political Weekly